Statistics for Least Developed Countries

Click here to take the quiz!

General Stats

  • This quiz has been taken 41 times
  • The average score is 11 of 15

Answer Stats

RegionAnswer% Correct
Central AsiaAfghanistan
89%
Southeast AsiaCambodia
86%
Central AfricaCentral African Republic
86%
Central AfricaDemocratic Republic of the Congo
86%
Central AfricaChad
83%
Northeast AfricaDjibouti
78%
Northeast AfricaEthiopia
78%
Southern AfricaAngola
75%
Northeast AfricaEritrea
75%
Central AsiaBhutan
72%
Western AfricaBurkina Faso
72%
South AsiaBangladesh
69%
West AfricaBenin
61%
East AfricaBurundi
61%
Indian OceanComoros
61%

Score Distribution

Percentile by Number Answered

Percent of People with Each Score

Your Score History

You have not taken this quiz